000 00796cab a2200253 4500
001 ABS46143
008 090401t1992 xxu||||| |||| 00| 0 eng d
035 _a(Sirsi) u56966
041 _aeng
100 _aHealy, P.
245 _aPlanning gain and the `new` local plans
260 _c1992
350 _a0
490 _aTown & Country Planning
_v61(2) February 1992, 39-43(5)
520 _aReviews current approaches to planning gain found within a range of recently drafted or adopted local plans following DoE Circular 16/91 "Planning obligations".
650 _aDOE CIRCULAR 16/1991
650 _aLOCAL DEVELOPMENT PLANS
650 _aPLANNING GAIN
690 _aPLANNING LAW AND PRACTICE
700 _aEnnis, F.
700 _aPurdue, M.
942 _n0
948 _c04/03/1997
999 _c34749
_d34749